[Event "Hull 4NCL op-A"]
[Site "Hull"]
[Date "2023.09.08"]
[Round "1"]
[White "Mize, Dylan"]
[Black "Varley, Joe"]
[Result "1/2-1/2"]
[WhiteElo "1790"]
[BlackElo "1937"]
[PlyCount "246"]
[EventDate "2023.09.08"]
[EventType "swiss"]
[EventRounds "5"]
[EventCountry "ENG"]
[SourceTitle "EXT 2024"]
[Source "ChessBase"]
[SourceDate "2023.10.10"]
[SourceVersion "1"]
[SourceVersionDate "2023.10.10"]
[SourceQuality "1"]

1. d4 Nf6 2. Bg5 Ne4 3. Bf4 d5 4. e3 c5 5. Bd3 Nf6 6. c3 Nc6 7. h3 g6 8. Nf3 Bg7 9. Nbd2 0-0 10. 0-0 Nd7 11. Re1 e5 12. dxe5 Ndxe5 13. Bf1 Re8 14. Nxe5 Nxe5 15. Nf3 Nc6 16. Qa4 Re4 17. Qc2 b6 18. Rad1 Bb7 19. Bd3 Re8 20. Rd2 Qc8 21. Be2 Nd8 22. Bb5 Re7 23. Ng5 Bf6 24. h4 d4 25. Bd6 Qg4 26. Bf1 dxc3 27. bxc3 Rd7 28. Bg3 Rxd2 29. Qxd2 Bxg5 30. hxg5 Qxg5 31. Qd7 Bc6 32. Qd6 Qd5 33. Qxd5 Bxd5 34. a3 Bb3 35. Re2 Nc6 36. Rd2 Be6 37. Be2 Na5 38. Bb5 Bc4 39. Ba4 b5 40. Bc2 Be6 41. Be4 Rc8 42. Rd6 Nb3 43. Bc6 Bc4 44. Be5 a5 45. Bf6 Rb8 46. Bb7 Be6 47. Bd5 Bxd5 48. Rxd5 b4 49. cxb4 cxb4 50. axb4 axb4 51. Kf1 Nc1 52. Bb2 Na2 53. Ke1 f5 54. Kd1 Rb7 55. Kc2 b3+ 56. Kb1 Kf7 57. Bd4 Nb4 58. Rc5 Nd3 59. Ra5 Rc7 60. Ra7 Rxa7 61. Bxa7 Nxf2 62. Kb2 Ke6 63. Kxb3 Ke5 64. Kc2 Ke4 65. Kd2 Ng4 66. Ke2 g5 67. Bb6 Ne5 68. Bd8 h6 69. Bb6 Nc4 70. Bc5 Ne5 71. Be7 Ng6 72. Bf6 g4 73. g3 h5 74. Bg5 Ne5 75. Bf6 Nf3 76. Be7 Ne5 77. Bf6 Nc4 78. Bg5 Ke5 79. Be7 Ke6 80. Bg5 Ne5 81. Bh4 Nf3 82. Bd8 Kf7 83. Kf2 Kg6 84. Be7 Ng5 85. Bd8 Ne4+ 86. Kg2 Kf7 87. Bh4 Ke6 88. Bd8 Kd7 89. Bb6 Ke7 90. Bc7 Kf7 91. Be5 Kg6 92. Bc7 Nf6 93. Kf2 Nd5 94. Bd8 Nc3 95. Be7 Kh6 96. Bd8 Kg7 97. Bc7 Ne4+ 98. Kg2 h4 99. gxh4 Kg6 100. Bd8 Nd6 101. Kg3 Kh5 102. Kf4 Kg6 103. Bc7 Ne4 104. Bd8 g3 105. Kf3 Kh5 106. Be7 Kg6 107. Bd8 Kf7 108. Bc7 Kg6 109. Bxg3 Nd2+ 110. Kf4 Nc4 111. Bf2 Nd2 112. Bg3 Nc4 113. Kf3 Nd2+ 114. Ke2 Ne4 115. Be1 Kh5 116. Kf3 Kg6 117. Kf4 Nf6 118. Bg3 Ne4 119. Be1 Nf6 120. Bd2 Nd5+ 121. Ke5 Nf6 122. Be1 Ng4+ 123. Kf4 Nf6 1/2-1/2

[Event "Hull 4NCL op"]
[Site "Hull"]
[Date "2022.10.15"]
[Round "2"]
[White "Merriman, John"]
[Black "Varley, Joe"]
[Result "1-0"]
[WhiteElo "2308"]
[BlackElo "1830"]
[PlyCount "83"]
[EventDate "2022.10.14"]
[EventType "swiss"]
[EventRounds "5"]
[EventCountry "ENG"]
[SourceTitle "CBM 210 Extra"]
[Source "ChessBase"]
[SourceDate "2022.11.30"]
[SourceVersion "1"]
[SourceVersionDate "2022.11.30"]
[SourceQuality "1"]

1. d4 Nf6 2. c4 g6 3. f3 c5 4. d5 Bg7 5. Nc3 0-0 6. e4 d6 7. Bg5 e6 8. Qd2 h6 9. Be3 exd5 10. cxd5 Re8 11. Bd3 Nbd7 12. Nge2 Ne5 13. 0-0 Bd7 14. Rab1 a6 15. b4 c4 16. Bc2 h5 17. h3 Qe7 18. Bg5 Bc8 19. f4 Ned7 20. Nd4 Nf8 21. Qf2 Qc7 22. f5 N8h7 23. Be3 Rf8 24. Qg3 Kh8 25. fxg6 fxg6 26. Nce2 g5 27. Nf5 Bxf5 28. Rxf5 h4 29. Qf3 Nd7 30. Nd4 Ne5 31. Qe2 Rxf5 32. exf5 Qe7 33. Ne6 Nf8 34. Bxg5 Bf6 35. Bf4 Nxe6 36. fxe6 b5 37. Rf1 Rf8 38. Bxe5 dxe5 39. d6 Qg7 40. Qh5+ Kg8 41. Be4 Bg5 42. Bh7+ 1-0

[Event "Harrogate 4NCL op 27th"]
[Site "Harrogate"]
[Date "2022.01.22"]
[Round "2"]
[White "Varley, Joe"]
[Black "Makkar, Rajat"]
[Result "0-1"]
[WhiteElo "1832"]
[BlackElo "2256"]
[PlyCount "108"]
[EventDate "2022.01.21"]
[EventType "swiss"]
[EventRounds "5"]
[EventCountry "ENG"]
[SourceTitle "CBM 206 Extra"]
[Source "ChessBase"]
[SourceDate "2022.03.31"]
[SourceVersion "1"]
[SourceVersionDate "2022.03.31"]
[SourceQuality "1"]

1. e4 e5 2. Nf3 Nc6 3. Bb5 a6 4. Ba4 Nf6 5. d3 d6 6. c3 g6 7. 0-0 Bg7 8. Re1 0-0 9. Bg5 h6 10. Bh4 b5 11. Bc2 g5 12. Bg3 Re8 13. a4 Bg4 14. Nbd2 Nd7 15. Nf1 Qf6 16. Ne3 Bxf3 17. Qxf3 Qxf3 18. gxf3 Ne7 19. Red1 c5 20. Kg2 Nf8 21. Ra2 Ne6 22. axb5 axb5 23. Rda1 Rab8 24. Ra7 Kf8 25. Rd7 Red8 26. Raa7 Rxd7 27. Rxd7 Nc8 28. Nf5 Ke8 29. Rxd6 Nxd6 30. Nxd6+ Kf8 31. Bb3 Rb6 32. Nf5 b4 33. Bxe6 Rxe6 34. cxb4 cxb4 35. d4 f6 36. b3 Ra6 37. Kf1 Ra3 38. dxe5 fxe5 39. Nxg7 Kxg7 40. Bxe5+ Kf7 41. f4 Rxb3 42. fxg5 hxg5 43. Ke2 Ke6 44. Bd4 Rh3 45. Kd2 Rxh2 46. Kc2 Rh3 47. Kb2 Rd3 48. Bc5 b3 49. Ka3 Ke5 50. Be7 g4 51. Bc5 Kxe4 52. Bb6 Kf3 53. Kb2 Rd2+ 54. Kxb3 Rxf2 0-1